[Event "RN-2012-0-00449"]
[Site "LSS email"]
[Date "2012.02.10"]
[Round "?"]
[White "Popov, Misha"]
[Black "Ruderse, Siegfried"]
[Result "1-0"]
[WhiteElo "996"]
[BlackElo "794"]
[PlyCount "21"]
[EventDate "2012.01.29"]
[EventType "tourn (corr)"]
[EventRounds "6"]
[EventCountry "GER"]
[SourceTitle "Corr 2015"]
[Source "ChessBase"]
[SourceDate "2015.07.17"]
[SourceVersion "1"]
[SourceVersionDate "2015.07.17"]
[SourceQuality "1"]

1. e4 c5 2. c3 Nc6 3. d4 cxd4 4. cxd4 d5 5. e5 f6 6. f4 fxe5 7. fxe5 Qb6 8. Nc3 e6 9. Nf3 Nge7 10. Na4 Qb4+ 11. Bd2 1-0